000
00303nam a22001337a 4500
008
180119b xxu||||| |||| 00| 0 eng d
020
_a
2900205574857
041
_a
eng
080
_a
37
100
_a
46
101
_a
ED
245
_a
BRIDGING THE GAP COLLEGE READING
_c
SMITH.B.D
942
_2
udc
_c
BK
999
_c
40577
_d
40577